Normal view
MARC view
- خريوش، عبد الرؤوف
Entry Personal Name
001 - CONTROL NUMBER
- control field: 20059
003 - CONTROL NUMBER IDENTIFIER
- control field: JO-AjAnu
005 - DATE AND TIME OF LATEST TRANSACTION
- control field: 20230606073509.0
008 - FIXED-LENGTH DATA ELEMENTS
- fixed length control field: 230606|| aca||aabn | a|a d
040 ## - CATALOGING SOURCE
- Original cataloging agency: JO-AjAnu
- Transcribing agency: JO-AjAnu
100 ## - HEADING--PERSONAL NAME
- Personal name: خريوش، عبد الرؤوف
670 ## - SOURCE DATA FOUND
- Source citation: Work cat.: (JO-AjAnu)10300: خريوش، عبد الرؤوف, author, اللهجات الفلسطينية " دراسة صوتية "